<?xml version="1.0" encoding="UTF-8"?>
<marc:record xmlns:marc="http://www.loc.gov/MARC21/slim">
   <marc:leader>00000nam a2200000 a 4500</marc:leader>
   <marc:datafield ind1="1" ind2=" " tag="100">
      <marc:subfield code="a">Siegel-Maier, Karyn</marc:subfield>
      <marc:subfield code="4">aut</marc:subfield>
      <marc:subfield code="e">Verfasser/-in</marc:subfield>
   </marc:datafield>
   <marc:datafield ind1="1" ind2=" " tag="100">
      <marc:subfield code="a">Zerbst, Marion</marc:subfield>
      <marc:subfield code="4">trl</marc:subfield>
      <marc:subfield code="e">Übersetzer/-in</marc:subfield>
   </marc:datafield>
   <marc:datafield ind1=" " ind2=" " tag="653">
      <marc:subfield code="a">Softcover / Ratgeber/Hobby</marc:subfield>
   </marc:datafield>
   <marc:datafield ind1=" " ind2=" " tag="653">
      <marc:subfield code="a">Haus</marc:subfield>
   </marc:datafield>
   <marc:datafield ind1=" " ind2=" " tag="653">
      <marc:subfield code="a">Ratgeber</marc:subfield>
   </marc:datafield>
   <marc:datafield ind1="0" ind2="0" tag="245">
      <marc:subfield code="a">Der kreative BIO Putzratgeber</marc:subfield>
   </marc:datafield>
   <marc:datafield ind1="0" ind2="0" tag="245">
      <marc:subfield code="b">...damit Ihr Gewissen genauso sauber bleiben darf wie ihr Zuhause</marc:subfield>
   </marc:datafield>
   <marc:datafield ind1="0" ind2="0" tag="245">
      <marc:subfield code="c">Karyn Siegel-Maier ; aus dem amerikanischen Englisch übersetzt von Marion Zerbst</marc:subfield>
   </marc:datafield>
   <marc:datafield ind1=" " ind2="1" tag="264">
      <marc:subfield code="a">Allschwil</marc:subfield>
      <marc:subfield code="b">Terzium</marc:subfield>
      <marc:subfield code="c">2014</marc:subfield>
   </marc:datafield>
   <marc:datafield ind1=" " ind2=" " tag="250">
      <marc:subfield code="a">1. Aufl.</marc:subfield>
   </marc:datafield>
   <marc:datafield ind1="1" ind2=" " tag="520">
      <marc:subfield code="a">Angaben aus der Verlagsmeldung

Der kreative BIO Putzratgeber : Mit 150 Tipps und superleichten Rezepten zum Selbermachen / von Karyn Siegel-Maier

Ökologisch saubere Putz- und Reinigungsmittel sind nach wie vor nicht handelsüblich. Aber man kann sie selbst herstellen! Und das ist weder zeit- noch kostenaufwendig. Im Gegenteil! Hier erfahren Sie, wie leicht es heutzutage ist, kraftvolle und ökologische Reinigungsmittel selber zu machen und anzuwenden.
Natürlicher, gesünder, hygienischer – und alles selbst gemacht: So bringt Hausarbeit sogar Spaß!
-Für weiche und weiße Wäsche
-Küchenfett lösen – verblüffend leicht
-Seidiger Glanz für Holzböden und Möbel
-Den Backherd gründlich säubern – ohne aggressiven Schaum
-Sauberkeit und angenehmer Duft für Ihre Teppiche
- Bad und Küche spielend leicht blank, frisch und hygienisch halten
-... und vieles mehr!
</marc:subfield>
   </marc:datafield>
   <marc:datafield ind1=" " ind2=" " tag="020">
      <marc:subfield code="a">9783906294032</marc:subfield>
      <marc:subfield code="9">9783906294032</marc:subfield>
   </marc:datafield>
   <marc:datafield ind1=" " ind2=" " tag="020">
      <marc:subfield code="a">390629403X</marc:subfield>
      <marc:subfield code="9">390629403X</marc:subfield>
   </marc:datafield>
   <marc:datafield ind1=" " ind2=" " tag="041">
      <marc:subfield code="a">ger</marc:subfield>
   </marc:datafield>
   <marc:datafield ind1=" " ind2=" " tag="300">
      <marc:subfield code="a">248 Seiten</marc:subfield>
   </marc:datafield>
</marc:record>
